Public expenditures and policy analysis /

Bibliographic Details
Other Authors: Haveman, Robert H., Margolis, Julius
Format: Book
Language:English
Published: Chicago : Markham Pub. Co., [1970]
Series:Markham economics series.
Subjects:

MARC

Tag First Indicator Second Indicator Subfields
LEADER 00000cam a2200000 4500
001 in00000038828
005 20151007081321.0
008 700604s1970 ilua 00000 eng
010 |a  76111985  
020 |a 0841020078 
035 |a (OCoLC)00076423 
035 |9 AAF6199AM 
040 |a DLC  |c DLC  |d TXA  |d UtOrBLW 
049 |a TXAM  |c 1 [533625], 2 [1115074] 
050 0 0 |a HJ2052  |b .P82 
082 0 |a 336.3/9 
245 0 0 |a Public expenditures and policy analysis /  |c Edited by Robert H. Haveman and Julius Margolis. 
264 1 |a Chicago :  |b Markham Pub. Co.,  |c [1970] 
300 |a viii, 596 pages :  |b illustrations ;  |c 23 cm. 
336 |a text  |b txt  |2 rdacontent 
337 |a unmediated  |b n  |2 rdamedia 
338 |a volume  |b nc  |2 rdacarrier 
490 1 |a Markham economics series 
500 |a Essays (several revised and substantially altered) from the Analysis and evaluation of public expenditures: the PPB system (1969). 
650 0 |a Program budgeting  |z United States. 
650 0 |a Expenditures, Public. 
700 1 |a Haveman, Robert H. 
700 1 |a Margolis, Julius. 
730 4 |a The Analysis and evaluation of public expenditures: the PPB system. 
830 0 |a Markham economics series. 
999 |a MARS 
999 f f |s ef33060a-5838-3b1a-bd62-ae0b8b469116  |i 4a54c028-b4a8-3bcc-bd8f-530bf0357112  |t 0 
952 f f |p normal  |a Texas A&M University  |b College Station  |c Sterling C. Evans Library  |d Evans: Library Stacks  |t 0  |e HJ2052 .P82  |h Library of Congress classification  |i unmediated -- volume  |m A14802895369 
998 f f |a HJ2052 .P82  |t 0  |l Evans: Library Stacks